| 000 | 00626nam a2200205Ia 4500 | ||
|---|---|---|---|
| 005 | 20241129104217.0 | ||
| 008 | 241129s9999||||xx |||||||||||||| ||und|| | ||
| 037 | _aTextual | ||
| 040 |
_aRTL _beng _cRTL |
||
| 041 |
_aeng _2eng |
||
| 084 |
_aY5927:5.2 Q9 _qRTL |
||
| 100 |
_aPankaj Ashok K.; Pandey Ajit K. _9725252 |
||
| 245 | 0 |
_aDalits subalternity and social change in India _cPankaj Ashok K.; Pandey Ajit K. |
|
| 260 |
_aLondon _bRoutledge _c2019 |
||
| 300 | _axv,207p. | ||
| 365 |
_aINR _b3704.35 |
||
| 650 |
_aSouth Asian Studies _9725132 |
||
| 942 |
_cTB _hY5927:5.2 Q9 |
||
| 999 |
_c1224899 _d1224899 |
||